000 02218nam a2200289 a 4500
008 160421s2009 ||||||||||||||||| || u
020 _a9780821377994
050 _aHD 82 Wor
110 _aWorld Bank
245 1 0 _aGlobal economic prospects 2009: commodities at the crossroads
_cBy The World Bank
260 _aWashington D.C
_bThe International Bank for Reconstruction
_c2009
300 _axv, 180p.: ill.
350 _a86.73
650 _aECONOMIC HISTORY--1990-
650 _aINTERNATIONAL ECONOMIC RELATIONS--HISTORY
650 _aECONOMIC PROSPECTS--DEVELOPING COUNTRIES
650 0 _aECONOMIC FORECASTING--DEVELOPING COUNTRIES
995 _FCBU-SCHOOL OF MEDICINE LIBRARY (Ndola)
_I38.00
_M7
_UAVAILABLE
_WMay 9, 2016
_ZMedical Library Open Access Collection
995 _FCBU-KAPASA MAKASA LIBRARY (Chinsali)
_I86.73
_M8
_UAVAILABLE
_WMay 26, 2016
_ZKapasa Makasa Library Open Acess Collection
995 _FCBU-KAPASA MAKASA LIBRARY (Chinsali)
_I86.73
_M2
_UAVAILABLE
_WMay 26, 2016
_ZKapasa Makasa Library Open Acess Collection
995 _FCBU-MAIN LIBRARY (Kitwe)
_I38.00
_M3
_UAVAILABLE
_WApr 25, 2016
_ZMain Library Open Access Collection
995 _FCBU-DAG HAMMARSKJOLD INSTITUTE LIBRARY
_I38.00
_M4
_UAVAILABLE
_WMay 9, 2016
_ZDHIPS Book Collection
995 _FCBU-DAG HAMMARSKJOLD INSTITUTE LIBRARY
_I38.00
_M6
_UAVAILABLE
_WMay 9, 2016
_ZDHIPS Book Collection
995 _FCBU-MAIN LIBRARY (Kitwe)
_I38.00
_M1
_UAVAILABLE
_WApr 25, 2016
_ZMain Library Open Access Collection
995 _FCBU-KAPASA MAKASA LIBRARY (Chinsali)
_I86.73
_M9
_UAVAILABLE
_WSep 13, 2017
_ZKapasa Makasa Library Open Acess Collection
995 _FCBU-DAG HAMMARSKJOLD INSTITUTE LIBRARY
_I38.00
_M5
_UAVAILABLE
_WMay 9, 2016
_ZDHIPS Book Collection
999 _c30632
_d30632